Gondnoksági perek

Elmentve itt :
Bibliográfiai részletek
Szerző: Varga Norbert
További közreműködők: Szabó Imre (Témavezető)
Dokumentumtípus: Szakdolgozat
Megjelent: 2008
Tárgyszavak:
Online Access:http://diploma.bibl.u-szeged.hu/32971
LEADER 00607nta a2200169 i 4500
001 dipl32971
005 20130314093105.0
008 110808s2008 hu om 0|| zxx d
040 |a SZTE Diploma Repozitórium  |b hun 
041 |a zxx 
100 1 |a Varga Norbert 
245 1 0 |a Gondnoksági perek  |h [elektronikus dokumentum] /  |c Norbert Varga 
246 1 0 |a Suits concerning conservatorship  |h [elektronikus dokumentum] 
260 |c 2008 
650 4 |a Jogi és igazgatási tanulmányok 
700 1 |a Szabó Imre  |e ths 
856 4 0 |u http://diploma.bibl.u-szeged.hu/id/eprint/32971/1/2008_varga_norbert_380_2008.pdf  |z Dokumentum-elérés